000
00281nam a22001217a 4500
999
_c
534190
_d
534190
040
_c
MSOHAIL
082
_a
891.4398
100
_a
Anwar Masood
_9
1453
245
_a
Baat Se Baat by Anwar Masood
260
_a
Lahore
_b
Dost Publications
_c
c2007
300
_a
135;p
942
_2
ddc
_c
BK